Literal Language Idioms Quiz Stats

 Plays Quiz Updated Jun 27, 2019

Score 0/20 Timer 04:00
3 Plays Today
% Correct
caife
88.4%
рулетка
84%
לוח שנה (lúach shanáh)
80.1%
ชา (Chā)
79.5%
falkun
78%
mokupuni
77.3%
فرش (farš)
77.3%
甲虫 (kabutomushi)
77.1%
amator
75.5%
전쟁 (jeonjaeng)
75.2%
% Correct
kiełbasa
73.9%
baiser
73.5%
跳棋 (tiàoqí)
72.2%
köttbullar
72.2%
τραγωδία
72.1%
lavoro
71.4%
značka
47.9%
veiling
41.9%
viiva
38.4%
zevk
27.1%

You're not logged in!

Compare scores with friends on all Sporcle quizzes.
OR
Log In

Sporcle TV

Today on Sporcle TV


Watch our educational content, quiz creation guides, and fun videos on Sporcle TV.

Show Comments

Extras

Top Quizzes Today


Score Distribution

Your Account Isn't Verified!

In order to create a playlist on Sporcle, you need to verify the email address you used during registration. Go to your Sporcle Settings to finish the process.

Report this User

Report this user for behavior that violates our Community Guidelines.

Details: